| 000 | 00813nas a2200193 a 4500 | ||
|---|---|---|---|
| 008 | 080206c20069999||||||||||||||||| || u | ||
| 020 | _a9789211283051 | ||
| 050 | _aUN-ESCWA(058)DGRI | ||
| 110 | _aUnited Nations Economic and Social Commission for Western Asia (ESCWA) | ||
| 245 | 1 | 0 | _aAnnual review of developments in globalization and regional integration in the Arab countries |
| 260 |
_aWashington, D. C. _bUNITED NATIONS _c2006 |
||
| 300 | _axi, 85p.: ill. | ||
| 350 | _a0.00 | ||
| 362 | 1 | _a2004; 2005; 2006; 2007; 2008 | |
| 650 | _aECONOMIC CONDITIONS--ASIA, WESTERN | ||
| 650 | _aECONOMIC INTEGRATION--ASIA, WESTERN | ||
| 650 | _aGLOBALIZATION--ECONOMIC ASPECTS--ASIA, WESTERN | ||
| 780 | _aAnnual review of developments in globalization and regional integration in the countries of the ESCWA region | ||
| 999 |
_c34450 _d34450 |
||